<?xml version="1.0" encoding="UTF-8"?>
<record
    xmlns:xsi="http://www.w3.org/2001/XMLSchema-instance"
    xsi:schemaLocation="http://www.loc.gov/MARC21/slim http://www.loc.gov/standards/marcxml/schema/MARC21slim.xsd"
    xmlns="http://www.loc.gov/MARC21/slim">

  <leader>01907nam1a2200385 i 4500</leader>
  <controlfield tag="001">RU\NLR\BIBL_A\012683265</controlfield>
  <controlfield tag="005">20260409080530.0</controlfield>
  <datafield tag="010" ind1=" " ind2=" ">
    <subfield code="a">9785995302421</subfield>
    <subfield code="b">&#x41A;&#x43D;&#x438;&#x436;&#x43D;&#x438;&#x43A;&#x438;</subfield>
  </datafield>
  <datafield tag="010" ind1=" " ind2=" ">
    <subfield code="a">978-5-9003-0980-4</subfield>
    <subfield code="b">&#x41B;&#x435;&#x445;&#x430;&#x438;&#x43C;</subfield>
  </datafield>
  <datafield tag="035" ind1=" " ind2=" ">
    <subfield code="a">(NLR Aleph) 012683265</subfield>
  </datafield>
  <datafield tag="090" ind1=" " ind2=" ">
    <subfield code="a">12822444</subfield>
    <subfield code="c">12822444</subfield>
  </datafield>
  <datafield tag="100" ind1=" " ind2=" ">
    <subfield code="a">20220113g2021    u  y0rusy50      ca</subfield>
  </datafield>
  <datafield tag="101" ind1="1" ind2=" ">
    <subfield code="a">rus</subfield>
    <subfield code="c">heb</subfield>
  </datafield>
  <datafield tag="102" ind1=" " ind2=" ">
    <subfield code="a">RU</subfield>
  </datafield>
  <datafield tag="105" ind1=" " ind2=" ">
    <subfield code="a">||||w||||||||</subfield>
  </datafield>
  <datafield tag="181" ind1=" " ind2="0">
    <subfield code="a">i4</subfield>
    <subfield code="b">axxe  </subfield>
  </datafield>
  <datafield tag="182" ind1=" " ind2="0">
    <subfield code="a">n</subfield>
  </datafield>
  <datafield tag="200" ind1="1" ind2=" ">
    <subfield code="a">&#x41C;&#x438;&#x434;&#x440;&#x430;&#x448; &#x440;&#x430;&#x431;&#x430; (&#x412;&#x435;&#x43B;&#x438;&#x43A;&#x438;&#x439; &#x43C;&#x438;&#x434;&#x440;&#x430;&#x448;)</subfield>
    <subfield code="e">[&#x432; 8 &#x442;.]</subfield>
    <subfield code="f">&#x43F;&#x43E;&#x434;&#x433;&#x43E;&#x442;&#x43E;&#x432;&#x43B;&#x435;&#x43D;&#x43E; &#x418;&#x43D;&#x441;&#x442;&#x438;&#x442;&#x443;&#x442;&#x43E;&#x43C; &#x43F;&#x435;&#x440;&#x435;&#x432;&#x43E;&#x434;&#x430; &#x435;&#x432;&#x440;&#x435;&#x439;&#x441;&#x43A;&#x438;&#x445; &#x442;&#x435;&#x43A;&#x441;&#x442;&#x43E;&#x432;</subfield>
    <subfield code="g">&#x43F;&#x435;&#x440;&#x435;&#x432;&#x43E;&#x434; &#x441; &#x438;&#x432;&#x440;&#x438;&#x442;&#x430; &#x41D;&#x435;&#x43A;&#x43E;&#x434;&#x430; &#x417;&#x438;&#x43D;&#x433;&#x435;&#x440;&#x430; &#x43F;&#x43E;&#x434; &#x440;&#x435;&#x434;&#x430;&#x43A;&#x446;&#x438;&#x435;&#x439; &#x425;&#x430;&#x432;&#x44B;-&#x411;&#x440;&#x43E;&#x445;&#x438; &#x41A;&#x43E;&#x440;&#x437;&#x430;&#x43A;&#x43E;&#x432;&#x43E;&#x439; &#x438; &#x410;&#x440;&#x44C;&#x435; &#x41E;&#x43B;&#x44C;&#x43C;&#x430;&#x43D;&#x430;</subfield>
    <subfield code="g">&#x433;&#x43B;&#x430;&#x432;&#x43D;&#x44B;&#x439; &#x440;&#x435;&#x434;&#x430;&#x43A;&#x442;&#x43E;&#x440;: &#x411;&#x43E;&#x440;&#x443;&#x445; &#x413;&#x43E;&#x440;&#x438;&#x43D;</subfield>
    <subfield code="g">&#x43A;&#x43E;&#x43C;&#x43C;&#x435;&#x43D;&#x442;&#x430;&#x440;&#x438;&#x438; &#x425;&#x430;&#x432;&#x430;-&#x411;&#x440;&#x43E;&#x445;&#x430; &#x41A;&#x43E;&#x440;&#x437;&#x430;&#x43A;&#x43E;&#x432;&#x430; [&#x438; &#x434;&#x440;.]</subfield>
  </datafield>
  <datafield tag="203" ind1=" " ind2=" ">
    <subfield code="a">&#x422;&#x435;&#x43A;&#x441;&#x442;</subfield>
    <subfield code="b">&#x432;&#x438;&#x437;&#x443;&#x430;&#x43B;&#x44C;&#x43D;&#x44B;&#x439;</subfield>
    <subfield code="c">&#x43D;&#x435;&#x43F;&#x43E;&#x441;&#x440;&#x435;&#x434;&#x441;&#x442;&#x432;&#x435;&#x43D;&#x43D;&#x44B;&#x439;</subfield>
  </datafield>
  <datafield tag="205" ind1=" " ind2=" ">
    <subfield code="a">&#x418;&#x437;&#x434;. 2-&#x435;</subfield>
  </datafield>
  <datafield tag="210" ind1=" " ind2=" ">
    <subfield code="a">&#x41C;&#x43E;&#x441;&#x43A;&#x432;&#x430;</subfield>
    <subfield code="c">&#x41B;&#x435;&#x445;&#x430;&#x438;&#x43C;</subfield>
    <subfield code="c">&#x41A;&#x43D;&#x438;&#x436;&#x43D;&#x438;&#x43A;&#x438;</subfield>
    <subfield code="d">5781=2021</subfield>
  </datafield>
  <datafield tag="215" ind1=" " ind2=" ">
    <subfield code="d">21</subfield>
  </datafield>
  <datafield tag="225" ind1="1" ind2=" ">
    <subfield code="a">&#x411;&#x438;&#x431;&#x43B;&#x438;&#x43E;&#x442;&#x435;&#x43A;&#x430; &#x435;&#x432;&#x440;&#x435;&#x439;&#x441;&#x43A;&#x438;&#x445; &#x442;&#x435;&#x43A;&#x441;&#x442;&#x43E;&#x432;</subfield>
    <subfield code="e">&#x411;&#x415;&#x422;</subfield>
    <subfield code="i">&#x41F;&#x435;&#x440;&#x432;&#x43E;&#x438;&#x441;&#x442;&#x43E;&#x447;&#x43D;&#x438;&#x43A;&#x438;</subfield>
  </datafield>
  <datafield tag="225" ind1="1" ind2=" ">
    <subfield code="a">&#x418;&#x437;&#x434;&#x430;&#x442;&#x435;&#x43B;&#x44C;&#x441;&#x43A;&#x430;&#x44F; &#x43F;&#x440;&#x43E;&#x433;&#x440;&#x430;&#x43C;&#x43C;&#x430; &#x424;&#x435;&#x434;&#x435;&#x440;&#x430;&#x446;&#x438;&#x438; &#x435;&#x432;&#x440;&#x435;&#x439;&#x441;&#x43A;&#x438;&#x445; &#x43E;&#x431;&#x449;&#x438;&#x43D; &#x420;&#x43E;&#x441;&#x441;&#x438;&#x438;</subfield>
  </datafield>
  <datafield tag="500" ind1=" " ind2=" ">
    <subfield code="a">&#x411;&#x438;&#x431;&#x43B;&#x438;&#x44F;</subfield>
    <subfield code="i">&#x412;.&#x417;.</subfield>
    <subfield code="3">RU\NLR\AUTH\553048</subfield>
    <subfield code="9">2631015</subfield>
  </datafield>
  <datafield tag="605" ind1=" " ind2=" ">
    <subfield code="a">&#x41C;&#x438;&#x434;&#x440;&#x430;&#x448;&#x438;</subfield>
    <subfield code="9">2403213</subfield>
    <subfield code="3">RU\NLR\AUTH\661432385</subfield>
  </datafield>
  <datafield tag="686" ind1="2" ind2=" ">
    <subfield code="a">&#x42D;36-250.99</subfield>
  </datafield>
  <datafield tag="702" ind1=" " ind2="1">
    <subfield code="a">&#x417;&#x438;&#x43D;&#x433;&#x435;&#x440;</subfield>
    <subfield code="b">&#x41D;.</subfield>
    <subfield code="f">1960-</subfield>
    <subfield code="g">&#x41D;&#x435;&#x43A;&#x43E;&#x434;</subfield>
    <subfield code="4">730</subfield>
  </datafield>
  <datafield tag="702" ind1=" " ind2="1">
    <subfield code="a">&#x413;&#x43E;&#x440;&#x438;&#x43D;</subfield>
    <subfield code="b">&#x411;.</subfield>
    <subfield code="g">&#x411;&#x43E;&#x440;&#x443;&#x445;</subfield>
    <subfield code="4">340</subfield>
  </datafield>
  <datafield tag="712" ind1="0" ind2="2">
    <subfield code="4">570</subfield>
    <subfield code="a">&#x418;&#x43D;&#x441;&#x442;&#x438;&#x442;&#x443;&#x442; &#x43F;&#x435;&#x440;&#x435;&#x432;&#x43E;&#x434;&#x430; &#x435;&#x432;&#x440;&#x435;&#x439;&#x441;&#x43A;&#x438;&#x445; &#x442;&#x435;&#x43A;&#x441;&#x442;&#x43E;&#x432; &#x415;. &#x411;&#x438;&#x440;&#x433;&#x435;&#x440;&#x430;</subfield>
    <subfield code="c">&#x41C;&#x43E;&#x441;&#x43A;&#x432;&#x430;</subfield>
    <subfield code="3">RU\NLR\AUTH\8810122093</subfield>
    <subfield code="9">742243</subfield>
  </datafield>
  <datafield tag="852" ind1=" " ind2=" ">
    <subfield code="a">NLR</subfield>
    <subfield code="j">2022-5/275</subfield>
  </datafield>
  <datafield tag="942" ind1=" " ind2=" ">
    <subfield code="c">BOOK</subfield>
  </datafield>
</record>
